Riconosci il Pokémon - Quiz n°983 - Statistics

Statistiche generali
  • Questo quiz è stato fatto 0 volte
  • Il punteggio medio è 0 su 10
Statistiche sulle risposte
Indizio Risposta % Corretto
Altezza 1,0 m
0%
Peso 12,0 kg
0%
Sesso 25% ♂, 75% ♀
0%
Tasso di cattura 50 (12.9%)
0%
Abilità Incantevole; Tenacia; Indagine
0%
Tipo Normale / Folletto
0%
Generazione Prima
0%
Stadio evoluzione Seconda evoluzione
0%
Tasso di allevamento Veloce
0%
Pokémon Wigglytuff
0%
Nessun quiz corrispondente trovato
Distribuzione punteggi
Percentuale di utenti per punteggio
Percentile per numero di risposta
I tuoi punteggi nel tempo
Non hai fatto questo quiz